Brogg's brain /

Everyone is convinced that all Monty needs to be the fastest miler on the high school track team is heart. Monty himself is not so sure he's got what it takes until he sees a movie called "Brogg's Brain."

Bibliographic Details
Main Author: Platt, Kin
Format: Book
Language:English
Published: New York : Lippincott, [1981]
Edition:1st ed.
Subjects:

MARC

Tag First Indicator Second Indicator Subfields
LEADER 00000pam a2200000 a 4500
001 in00000092392
005 20150923132136.0
008 810327s1981 nyu j 00011 eng
010 |a  79009622  
020 |a 0397319452 :  |c $8.95 
020 |a 0397319460 (lib. bdg.) :  |c $8.89 
035 |a (OCoLC)07460575 
035 |9 AAK7477AM 
039 0 |a 2  |b 3  |c 3  |d 3  |e 3 
040 |a DLC  |c DLC  |d TXA  |d UtOrBLW 
049 |a [Curr Col] TXAM  |c [933558] 
050 0 0 |a PZ7 P7125  |b  Br 1981 
082 0 |a [Fic]  |2 19 
100 1 |a Platt, Kin. 
245 1 0 |a Brogg's brain /  |c Kin Platt. 
250 |a 1st ed. 
264 1 |a New York :  |b Lippincott,  |c [1981] 
264 4 |c ©1981 
300 |a 124 pages ;  |c 21 cm. 
336 |a text  |b txt  |2 rdacontent 
337 |a unmediated  |b n  |2 rdamedia 
338 |a volume  |b nc  |2 rdacarrier 
520 |a Everyone is convinced that all Monty needs to be the fastest miler on the high school track team is heart. Monty himself is not so sure he's got what it takes until he sees a movie called "Brogg's Brain." 
650 1 |a Running  |x Fiction. 
999 |a MARS 
999 f f |s 5992dd91-5e2a-330c-b5a2-101fcd16e11c  |i fe6cc0cd-5f60-3864-82cc-c46131b308e9  |t 0 
952 f f |p ric  |a Texas A&M University  |b Rellis Campus  |c Joint Library Facility  |d Remote Storage  |t 0  |e PZ7 P7125 Br 1981  |h Library of Congress classification  |i unmediated -- volume  |m A14806005136 
998 f f |a PZ7 P7125 Br 1981  |t 0  |l Remote Storage